| 000 -LEADER |
| fixed length control field |
00310nam a2200109Ia 4500 |
| 008 - FIXED-LENGTH DATA ELEMENTS--GENERAL INFORMATION |
| fixed length control field |
200302s9999 xx 000 0 und d |
| 100 ## - MAIN ENTRY--PERSONAL NAME |
| Personal name |
Kisho Kurokawa |
| 245 ## - TITLE STATEMENT |
| Title |
Intercultural Architecture the Philosophy of Symbiosis |
| 260 ## - PUBLICATION, DISTRIBUTION, ETC. |
| Name of publisher, distributor, etc. |
The American Institute of Architects Press |
| 260 ## - PUBLICATION, DISTRIBUTION, ETC. |
| Date of publication, distribution, etc. |
1991 |
| 300 ## - PHYSICAL DESCRIPTION |
| Extent |
208 P., |